Երկեր / (Record no. 3474)
[ view plain ]
| 000 -LEADER | |
|---|---|
| fixed length control field | 01489nam a2200301 a 4500 |
| 001 - CONTROL NUMBER | |
| control field | 000013631 |
| 003 - CONTROL NUMBER IDENTIFIER | |
| control field | AM-YEHGA |
| 005 - DATE AND TIME OF LATEST TRANSACTION | |
| control field | 20250618070728.0 |
| 008 - FIXED-LENGTH DATA ELEMENTS--GENERAL INFORMATION | |
| fixed length control field | 030320s2002 ai ||||gr|||||||||0|arm|d |
| 040 ## - CATALOGING SOURCE | |
| Original cataloging agency | AM-YeHGA |
| 041 0# - LANGUAGE CODE | |
| Language code of text/sound track or separate title | arm |
| 090 ## - LOCALLY ASSIGNED LC-TYPE CALL NUMBER (OCLC); LOCAL CALL NUMBER (RLIN) | |
| -- | 3505 |
| 100 1# - MAIN ENTRY--PERSONAL NAME | |
| Personal name | Նժդեհ, Գարեգին, |
| Dates associated with a name | 1886-1955 |
| 9 (RLIN) | 1005 |
| 245 10 - TITLE STATEMENT | |
| Title | Երկեր / |
| Statement of responsibility, etc. | Գ. Նժդեհ ; Կազմ.՝ Ա. Բադալյան, Հ. Գևորգյան, Մ. Լալայան և ուրիշն. ; ՀՀ Արխիվային գործի գործակալութ., ՀՀ ԳԱԱ Պատմ. ին-տ, ԵՊՀ. |
| 260 ## - PUBLICATION, DISTRIBUTION, ETC. | |
| Place of publication, distribution, etc. | Երևան : |
| Name of publisher, distributor, etc. | ՀՀ Արխիվային գործի գործակալություն, |
| Date of publication, distribution, etc. | 2002. |
| 300 ## - PHYSICAL DESCRIPTION | |
| Extent | հատոր |
| Dimensions | 21 սմ. |
| 505 00 - FORMATTED CONTENTS NOTE | |
| Miscellaneous information | Հ. 1 : (532 էջ, 1 թ. դիմանկ.) |
| -- | Հ. 2 : (504 էջ, 1 թ. դիմանկ.) |
| 650 14 - SUBJECT ADDED ENTRY--TOPICAL TERM | |
| Topical term or geographic name entry element | Պատմություն |
| Geographic subdivision | Հայաստան |
| 700 1# - ADDED ENTRY--PERSONAL NAME | |
| Personal name | Բադալյան, Արմեն |
| Relator term | կազմ. |
| Relationship | com |
| 700 1# - ADDED ENTRY--PERSONAL NAME | |
| Personal name | Գևորգյան, Համլետ Մարտիկի, |
| Relator term | կազմ. |
| Relationship | com |
| 700 1# - ADDED ENTRY--PERSONAL NAME | |
| Personal name | Լալայան, Մուշեղ |
| Relator term | կազմ. |
| Relationship | com |
| 710 2# - ADDED ENTRY--CORPORATE NAME | |
| Corporate name or jurisdiction name as entry element | ՀՀ Արխիվային գործի գործակալություն |
| 710 2# - ADDED ENTRY--CORPORATE NAME | |
| Corporate name or jurisdiction name as entry element | Պատմության ինստիտուտ ՀՀ ԳԱԱ |
| 710 2# - ADDED ENTRY--CORPORATE NAME | |
| Corporate name or jurisdiction name as entry element | Երևանի պետական համալսարան |
| 856 41 - ELECTRONIC LOCATION AND ACCESS | |
| Uniform Resource Identifier | <a href="http://haygirk.nla.am/upload/1941-/njdeh_2002.pdf">http://haygirk.nla.am/upload/1941-/njdeh_2002.pdf</a> |
| Link text | Կարդալ առցանց (Հ. 1) |
| 856 41 - ELECTRONIC LOCATION AND ACCESS | |
| Uniform Resource Identifier | <a href="http://haygirk.nla.am/upload/1941-/njdeh_hatorB_2002.pdf">http://haygirk.nla.am/upload/1941-/njdeh_hatorB_2002.pdf</a> |
| Link text | Կարդալ առցանց (Հ. 2) |
| 942 ## - ADDED ENTRY ELEMENTS (KOHA) | |
| Source of classification or shelving scheme | Universal Decimal Classification |
| Koha item type | Գրքեր / Books |
| Withdrawn status | Lost status | Source of classification or shelving scheme | Damaged status | Not for loan | Collection | Home library | Current library | Date acquired | Serial enumeration / chronology | Total checkouts | Full call number | Barcode | Date last seen | Copy number | Price effective from | Koha item type | Public note |
|---|---|---|---|---|---|---|---|---|---|---|---|---|---|---|---|---|---|
| Universal Decimal Classification | General | Fundamental Scientific Library | Fundamental Scientific Library | 21/12/2016 | Հ. 1 | AII/87500 | FL0216395 | 21/12/2016 | 947.925 | 21/12/2016 | Գրքեր / Books | 30 Days Loan | |||||
| Universal Decimal Classification | General | Fundamental Scientific Library | Fundamental Scientific Library | 21/12/2016 | Հ. 2 | AII/87501 | FL0196749 | 21/12/2016 | 947.925 | 21/12/2016 | Գրքեր / Books | 30 Days Loan | |||||
| Universal Decimal Classification | General | Fundamental Scientific Library | Fundamental Scientific Library | 28/03/2023 | Հ. 1 | AII/109479 | FL0678204 | 28/03/2023 | 28/03/2023 | Գրքեր / Books | 30 Days Loan | ||||||
| Universal Decimal Classification | General | Fundamental Scientific Library | Fundamental Scientific Library | 28/03/2023 | Հ. 2 | AII/109480 | FL0678201 | 28/03/2023 | 28/03/2023 | Գրքեր / Books |
ՀՀ Գիտությունների ազգային ակադեմիայի հիմնարար գիտական գրադարան = Fundamental Scientific Library of NAS RA
All site content, except where otherwise noted, is licensed under a